000 00337 a2200133 4500
999 _c12320
_d12320
003 OSt
005 20240117100619.0
008 240117b ||||| |||| 00| 0 eng d
020 _a9783037787052
100 _aSHAYARI DE SILVA
245 _aDRAWING FROM THE GEOFFREY BAWA ARCHIVES
260 _bLars Muller Publishers
_c2023
942 _2ddc